| 000 | 00838nam a2200241 i 4500 | ||
|---|---|---|---|
| 003 | IT-RoINE | ||
| 005 | 20150508072230.0 | ||
| 008 | 980317s1996 sp | r ||| ||spa d | ||
| 020 | _a8470303396 | ||
| 040 |
_aSpMaBN _cIT-RoINE _dIT-RoINE |
||
| 100 | 1 |
_aMacías Picavea, Ricardo, _d1847-1899 _918980 |
|
| 245 | 1 | 3 |
_aEl problema nacional / _cRicardo Macías Picavea ; introducción de Andrés de Blas Guerrero. |
| 260 |
_aMadrid : _bBiblioteca Nueva, _c1996. |
||
| 300 |
_a334 p. ; _c22 cm. |
||
| 336 |
_2rdacontent _atext |
||
| 337 |
_2rdamedia _aunmediated |
||
| 338 |
_2rdacarrier _avolume |
||
| 490 | 1 |
_aCien años después, 98 ; _v4 |
|
| 651 | 4 |
_aEspaña _xHistoria _y1898 (Guerra con Estados Unidos) _916483 |
|
| 651 | 4 |
_aEspaña _xCondiciones sociales _ySiglo 19o. _918038 |
|
| 830 | 0 |
_917968 _aCien años después, 98 |
|
| 942 | _cMTS | ||
| 999 |
_c9167 _d9167 |
||